La era del vacío : ensayos sobre el individualismo contemporáneo /

Guardado en:
Autor Principal: Lipovetsky, Gilles
Otros Autores: Vinyoli, Joan, trad., Pendanx, Michele, trad.
Formato: Libro
Publicado: Barcelona : Anagrama
Series:Compactos; No. 3241
Materias:
Etiquetas: Agregar Etiqueta
Sin Etiquetas, Sea el primero en etiquetar este registro!
LEADER 00965nam a22002535a 4500
001 CEM.cems011797
005 20070629154255.0
008 130507b######################000#0#####d
003 CEMS
020 |a 843396755X 
082 0 4 |a 149 
100 1 |a Lipovetsky, Gilles 
245 1 0 |a La era del vacío :  |b ensayos sobre el individualismo contemporáneo /  |c  Gilles Lipovetsky ; traducido Por Joan Vinyoli y Michele Pendanx 
260 |a Barcelona :  |b Anagrama 
300 |a 221 p. 
490 0 |a Compactos; No. 3241 
505 0 |a Seducción continua -- La indiferencia pura -- Narciso o la estrategia del vacío -- Modernismo y posmodernismo -- La sociedad humorística -- Violencias salvajes, violencias modernas 
653 |a Individualismo 
653 |a Sociedades contemporáneas 
653 |a Modernismo 
653 |a Posmodernismo 
700 1 |a Vinyoli, Joan, trad. 
700 1 |a Pendanx, Michele, trad. 
859 |a CEMS  |b BIB. CEMS - 11 de abril  |h 149  |i L668  |p 22766.05  |t Ej.1